Rumble, rumble, boom! / (Record no. 9172)

MARC details
000 -LEADER
fixed length control field 01142nam a22002897a 4500
001 - CONTROL NUMBER
control field 9172
003 - CONTROL NUMBER IDENTIFIER
control field FISKH
005 - DATE AND TIME OF LATEST TRANSACTION
control field 20251127090223.0
008 - FIXED-LENGTH DATA ELEMENTS--GENERAL INFORMATION
fixed length control field 251127b cb ||||| |||| 00| 0 eng d
020 ## - INTERNATIONAL STANDARD BOOK NUMBER
International Standard Book Number 9780478029277
040 ## - CATALOGING SOURCE
Original cataloging agency FISKH
Language of cataloging eng
Transcribing agency FISKH
Modifying agency FISKH
050 ## - LIBRARY OF CONGRESS CALL NUMBER
Classification number PZ7
082 ## - DEWEY DECIMAL CLASSIFICATION NUMBER
Classification number 372.350440993
100 ## - MAIN ENTRY--PERSONAL NAME
Personal name Buxton, Jane
Relator term Author
245 ## - TITLE STATEMENT
Title Rumble, rumble, boom! /
Statement of responsibility, etc. by Jane Buxton ; Illustrated by Debe Mansfield
260 ## - PUBLICATION, DISTRIBUTION, ETC.
Place of publication, distribution, etc. Wellington :
Name of publisher, distributor, etc. Learning Media Limited ,
Date of publication, distribution, etc. 2001
300 ## - PHYSICAL DESCRIPTION
Extent 8 pages :
Other physical details color illustrations ;
Dimensions 18 x 21 cm
505 ## - FORMATTED CONTENTS NOTE
Formatted contents note C<br/>
520 ## - SUMMARY, ETC.
Summary, etc. Reading Science has been developed by Learning Media, the publishers of Ready to Read. It has been specifically designed for use in language and science programs at Level 1 & 2 of the New Zealand Curriculum. Sigle scientific concepts are conveyed through high-interest, literature-based stories at emergent, early and fluency stages.
521 8# - TARGET AUDIENCE NOTE
Target audience note 80<br/>
Source Lexile<br/>
521 8# - TARGET AUDIENCE NOTE
Target audience note C<br/>
Source Raz-Plus<br/>
650 ## - SUBJECT ADDED ENTRY--TOPICAL TERM
Topical term or geographic name entry element Children
Form subdivision Non-fiction
650 ## - SUBJECT ADDED ENTRY--TOPICAL TERM
Topical term or geographic name entry element Science
Form subdivision Volcanoes
700 ## - ADDED ENTRY--PERSONAL NAME
Personal name Mansfield, Debe
Relator term Illustrator
942 ## - ADDED ENTRY ELEMENTS (KOHA)
Source of classification or shelving scheme Dewey Decimal Classification
Koha item type Books
Suppress in OPAC No
Holdings
Withdrawn status Lost status Source of classification or shelving scheme Damaged status Not for loan Collection Home library Current library Shelving location Date acquired Total Checkouts Full call number Barcode Date last seen Copy number Price effective from Koha item type
    Dewey Decimal Classification     Non-Fiction Footprints International School Library Network Toul Tom Poung Campus Footprints International School Library Network Toul Tom Poung Campus TTP Primary Green Bookshelves 11/27/2025   BUX 372.350440993 PZ7 FISBK05996 11/27/2025 1 11/27/2025 Books